El idealismo filosófico: cuatro versiones fundamentales

Gardado en:
Detalles Bibliográficos
Autor Principal: Menanteau B., Ramón (autor)
Formato: Libro
Idioma:Lingua castelá
Publicado: Santiago Universitaria 1979
Series:Fascículos para la comprensión de la ciencia, las humanidades y la tecnología. Filosofía, 15
Subjects:
Tags: Engadir etiqueta
Sen Etiquetas, Sexa o primeiro en etiquetar este rexistro!

MARC

LEADER 00000nam a2200000 a 4500
001 UCY5748
003 CL-VaPUC
005 20241127084740.0
008 950512e19790300CL |||||||||||||||||spa|d
999 |c 233369  |d 233367 
040 |c Pontificia Universidad Católica de Valparaíso 
082 0 4 |a 142.3  |b MEN  |2 21 
100 |a Menanteau B., Ramón  |e autor  |9 334896 
245 1 3 |a El idealismo filosófico: cuatro versiones fundamentales 
260 |a Santiago  |b Universitaria  |c 1979 
300 |a 67 p 
490 0 |a Fascículos para la comprensión de la ciencia, las humanidades y la tecnología. Filosofía, 15 
583 |a last modification  |c 19950512 00:00:00  |k Rodrigo Vera 
600 0 7 |a BERKELEY, GEORGE  |2 CL-VaPUC  |9 315231 
600 0 |a Descartes, René  |e autor  |9 265906 
600 0 |a Hegel, Georg Wilhelm Friedrich  |d 1770-1831  |9 860268 
600 0 |a Kant, Immanuel,  |d 1724-1804  |9 858687 
650 0 |a Idealismo  |9 265685 
650 0 |a Filosofía   |9 223554 
942 |c BK  |2 ddc 
945 |d 19950512 00:00:00  |a cmena 
952 |0 0  |1 0  |4 0  |6 142_300000000000000_MEN_1979  |7 0  |8 P  |9 238857  |a BIBEDU  |b BIBEDU  |c BIBEDU_PB  |d 2019-11-18  |i 1504509  |o 142.3 MEN 1979  |p 1504509  |r 2024-01-25  |w 2019-11-18  |y BK  |k EDU 
952 |0 0  |1 0  |4 0  |6 142_300000000000000_MEN_1979  |7 0  |8 P  |9 238858  |a BIBEDU  |b BIBEDU  |c BIBEDU_PB  |d 2019-11-18  |i 1563785  |o 142.3 MEN 1979  |p 1563785  |r 2024-01-25  |w 2019-11-18  |y BK  |k FIL 
952 |0 0  |1 0  |4 0  |6 142_300000000000000_MEN_1979  |7 0  |8 P  |9 238859  |a BIBEDU  |b BIBEDU  |c BIBEDU_PB  |d 2019-11-18  |i 1563777  |o 142.3 MEN 1979  |p 1563777  |r 2024-01-25  |w 2019-11-18  |y BK  |k FIL